| 000 | 00384nam a2200145Ia 4500 | ||
|---|---|---|---|
| 008 | 230917s9999||||xx |||||||||||||| ||und|| | ||
| 040 |
_e103683 _aMAIN |
||
| 041 | _aEnglish | ||
| 082 | _a301.04 D74P | ||
| 100 | _aDoshi, S L | ||
| 245 | 0 | _aPramukh samajshastriya vicharak: Comte se Marten tak | |
| 260 |
_aJaipur _bRawat Publications _c2001 |
||
| 300 | _aviii, 371 p. | ||
| 942 | _cBK | ||
| 999 |
_c116031 _d116031 |
||